[Event "Czech Chess Christmas 2016"]
[Site "?"]
[Date "2016.12.29"]
[Round "?"]
[White "Cerveny, Martin"]
[Black "Pulpan, Jakub"]
[Result "0-1"]
[WhiteElo "2395"]
[BlackElo "2401"]
[PlyCount "98"]

1. d4 Nf6 2. c4 e6 3. Nf3 b6 4. g3 Ba6 5. Qc2 Bb7 6. Bg2 c5 7. d5 exd5 8. cxd5
Nxd5 9. O-O Be7 10. Rd1 Nc6 11. Qf5 Nf6 12. e4 g6 13. Qf4 Nh5 14. Qh6 Bf8 15.
Qe3 Bg7 16. e5 Nb4 17. Na3 Bc6 18. g4 Nd5 19. Rxd5 Bxd5 20. gxh5 O-O 21. h6 Bh8
22. Qd3 Be6 23. Ng5 Rc8 24. Bf4 c4 25. Qe3 Qe7 26. Rc1 Qb4 27. Rc3 Qxb2 28. h4
b5 29. Rc2 Qa1+ 30. Rc1 Qb2 31. h5 c3 32. hxg6 fxg6 33. Nxe6 dxe6 34. Bh3 Rce8
35. Nc2 Qxa2 36. Bg3 Qd5 37. Nd4 b4 38. Ra1 a5 39. Bg2 Qc4 40. Be4 Rd8 41. Nc6
c2 42. Ne7+ Kf7 43. Bh4 Rd1+ 44. Kh2 Bxe5+ 45. Bg3 Bxg3+ 46. fxg3 c1=Q 47. Rxc1
Qxc1 48. Qa7 Qxh6+ 49. Kg2 Qh1+ 0-1

[Event "Czech Chess Christmas 2016"]
[Site "?"]
[Date "2016.12.29"]
[Round "?"]
[White "Swicarz, Maciej"]
[Black "Mulenko, Alexander"]
[Result "1-0"]
[WhiteElo "2300"]
[BlackElo "2074"]
[PlyCount "105"]

1. e4 c5 2. Nf3 Nc6 3. d4 cxd4 4. Nxd4 g6 5. c4 Bg7 6. Be3 Nf6 7. Nc3 O-O 8.
Be2 b6 9. O-O Bb7 10. Ndb5 Qb8 11. Qd2 Rd8 12. Rfd1 d6 13. f3 Rd7 14. Rac1 Qf8
15. Nd5 Ne8 16. b3 e6 17. Ndc3 Rad8 18. Kh1 Ba8 19. Bf1 Nc7 20. Nxc7 Rxc7 21.
Bg5 f6 22. Bf4 Rcd7 23. g3 Ne5 24. Qf2 Kh8 25. Bh3 Qe7 26. Rc2 h5 27. Bc1 g5
28. Bg2 Ng6 29. Ba3 Bf8 30. Rcd2 h4 31. Kg1 Bc6 32. Bh3 Kg7 33. Ne2 Qe8 34.
Bxe6 hxg3 35. hxg3 Qxe6 36. Nd4 Qh3 37. Nxc6 Re8 38. Bb2 Rc7 39. Nb4 Ne5 40.
Nd5 Rf7 41. Qg2 Qe6 42. f4 Qg4 43. Rf1 Rd8 44. Bc3 Qc8 45. Rdf2 Ng4 46. fxg5
Nxf2 47. Rxf2 Qc5 48. Bxf6+ Rxf6 49. gxf6+ Kf7 50. Qh3 Qd4 51. Qh7+ Ke6 52.
Nc7+ Ke5 53. Qf5# 1-0

[Event "Czech Chess Christmas 2016"]
[Site "?"]
[Date "2016.12.30"]
[Round "?"]
[White "Hollan, Petr"]
[Black "Koziol, Kamil"]
[Result "0-1"]
[WhiteElo "2313"]
[BlackElo "2172"]
[PlyCount "156"]
[SourceDate "2016.12.30"]

1. Nf3 Nf6 2. d4 d5 3. c4 e6 4. g3 c5 5. Bg2 Nc6 6. cxd5 exd5 7. O-O Be7 8. Nc3
O-O 9. Bg5 c4 10. Ne5 Be6 11. Nxc6 bxc6 12. b3 Qa5 13. Qd2 Bb4 14. Bxf6 gxf6
15. Rfc1 Rac8 16. bxc4 dxc4 17. a3 Bxc3 18. Rxc3 Rfd8 19. Rac1 Rd6 20. Qh6 Rcd8
21. e3 Qg5 22. Qxg5+ fxg5 23. Bf3 Rc8 24. Be2 c5 25. d5 Bxd5 26. Bxc4 Bf3 27.
Bf1 Rcd8 28. Rxc5 Rd1 29. R5c2 R8d2 30. Rxd2 Rxc1 31. h4 g4 32. a4 a5 33. Rb2
Kg7 34. Rd2 Kf6 35. Rb2 Ke7 36. h5 Kf6 37. Rb6+ Kg5 38. Rb2 Kxh5 39. Rb5+ Kg6
40. Rb6+ Kg7 41. Rb2 Kf6 42. Rb6+ Ke7 43. Rb2 h5 44. Rd2 f5 45. Rb2 Kf6 46. Rd2
Kg5 47. Rb2 Ra1 48. Rd2 Rxa4 49. Kh2 Ra1 50. Bg2 a4 51. Rd4 Kf6 52. Rb4 Ke5 53.
Rb5+ Ke4 54. Ra5 a3 55. Rb5 Kd3 56. Rxf5 a2 57. Ra5 Ke2 58. e4 Kxf2 59. Bxf3
Kxf3 60. e5 Re1 61. Rxa2 Rxe5 62. Ra3+ Re3 63. Ra5 Re2+ 64. Kg1 Re1+ 65. Kh2
Re2+ 66. Kg1 Kxg3 67. Kf1 Rf2+ 68. Kg1 h4 69. Ra4 Rf3 70. Rb4 h3 71. Rb1 Ra3
72. Kh1 Ra6 73. Rd1 Ra3 74. Rc1 Re3 75. Rd1 Kf2 76. Rd2+ Re2 77. Rd3 Re3 78.
Rd8 g3 0-1

[Event "Czech Chess Christmas 2016"]
[Site "?"]
[Date "2016.12.31"]
[Round "?"]
[White "Cerveny, Petr"]
[Black "Paul, Johannes"]
[Result "1/2-1/2"]
[WhiteElo "2300"]
[BlackElo "2319"]
[PlyCount "120"]
[SourceDate "2016.12.31"]

1. e4 e6 2. d4 d5 3. Nc3 Bb4 4. e5 c5 5. Bd2 Nh6 6. a3 Bxc3 7. Bxc3 cxd4 8.
Bxd4 Nc6 9. Nf3 Nf5 10. Bc3 d4 11. Bd2 Qd5 12. c4 Qd8 13. Bd3 Nh4 14. Qe2 Nxf3+
15. gxf3 Qc7 16. f4 b6 17. O-O-O Bb7 18. Rhg1 g6 19. Kb1 O-O-O 20. Rc1 Kb8 21.
Rg3 Ka8 22. Qd1 Rc8 23. Qa4 Rhd8 24. Ka1 Qd7 25. Qb5 Na5 26. Qb4 Nc6 27. Qb3
Qe7 28. Qd1 Rd7 29. b4 f6 30. exf6 Qxf6 31. Qe2 Re8 32. b5 Nd8 33. c5 bxc5 34.
Rg5 e5 35. Rxe5 Rxe5 36. Qxe5 Qxe5 37. fxe5 Ne6 38. f4 Bd5 39. Bc4 Bxc4 40.
Rxc4 Kb7 41. Kb2 a6 42. bxa6+ Kxa6 43. Kc2 Kb5 44. Kd3 Ra7 45. a4+ Kc6 46. Rc2
Rb7 47. Ke4 Rb1 48. a5 Nc7 49. h4 h5 50. Bc1 Ne6 51. Bd2 Nc7 52. Bc1 Kb5 53.
Rb2+ Rxb2 54. Bxb2 Kxa5 55. Bxd4 cxd4 56. Kxd4 Kb6 57. Ke4 Kc6 58. f5 gxf5+ 59.
Kxf5 Kd5 60. Kg5 Kxe5 1/2-1/2

[Event "Czech Chess Christmas 2016"]
[Site "?"]
[Date "2016.12.31"]
[Round "?"]
[White "Kraus, Tomas"]
[Black "Malik, Jan"]
[Result "1-0"]
[WhiteElo "2403"]
[BlackElo "2320"]
[PlyCount "65"]

1. e4 c5 2. Ne2 d6 3. g3 Nc6 4. Bg2 Bd7 5. c3 Qc8 6. h3 g6 7. d4 cxd4 8. cxd4
Bg7 9. Nbc3 f5 10. exf5 Bxf5 11. g4 Bd7 12. Be3 Nf6 13. Rc1 O-O 14. O-O Qd8 15.
d5 Ne5 16. b3 Rc8 17. Qd2 e6 18. dxe6 Bxe6 19. Nd4 Bd7 20. Ndb5 Nfxg4 21. hxg4
Qh4 22. f3 Bxg4 23. Bg5 Qh5 24. fxg4 Qxg4 25. Rxf8+ Rxf8 26. Rf1 Nf3+ 27. Rxf3
Rxf3 28. Qd5+ Rf7 29. Nxd6 Bd4+ 30. Kh2 Qh5+ 31. Bh3 Be5+ 32. Qxe5 Rf2+ 33. Kg1
1-0

[Event "Czech Chess Christmas 2016"]
[Site "?"]
[Date "2016.12.31"]
[Round "?"]
[White "Koziol, Kamil"]
[Black "Cerveny, Martin"]
[Result "1-0"]
[WhiteElo "2172"]
[BlackElo "2395"]
[PlyCount "65"]

1. e4 c5 2. Nf3 d6 3. d4 cxd4 4. Nxd4 Nf6 5. Nc3 a6 6. Be3 e5 7. Nb3 Be6 8. h3
Nbd7 9. g4 Rc8 10. Qd2 b5 11. O-O-O Be7 12. Kb1 Qc7 13. g5 b4 14. gxf6 bxc3 15.
fxg7 Rg8 16. Qxc3 Qb7 17. Na5 Qa8 18. Qd3 Rxg7 19. Be2 Bd8 20. Rhg1 Rxg1 21.
Rxg1 Nf6 22. Qxd6 Bxa5 23. Bxa6 Qb8 24. Qd3 Bc3 25. b3 Rc7 26. Bb5+ Ke7 27. Bg5
Bd4 28. c4 Qb6 29. Rg3 h6 30. Bh4 Ra7 31. Rf3 Ra3 32. Bxf6+ Kf8 33. Qd2 1-0

[Event "Czech Chess Christmas 2016"]
[Site "?"]
[Date "2016.12.31"]
[Round "?"]
[White "Jandl, Vojtech"]
[Black "Klima, Lukas"]
[Result "1/2-1/2"]
[WhiteElo "2092"]
[BlackElo "2356"]
[PlyCount "110"]

1. d4 Nf6 2. Bf4 d6 3. e3 g6 4. Be2 Bg7 5. Nf3 Nbd7 6. h3 b6 7. O-O Bb7 8. c4
O-O 9. Nc3 Re8 10. Qc2 h6 11. Rfd1 Qc8 12. Bh2 a5 13. a3 e5 14. b4 exd4 15.
exd4 Ne4 16. Nb5 axb4 17. axb4 Rxa1 18. Rxa1 c5 19. Rd1 cxb4 20. Nxd6 Nxd6 21.
Bxd6 b3 22. Qd2 Nf6 23. Be5 Bxf3 24. Bxf3 Qxc4 25. Rc1 Qa6 26. Qb2 Qa2 27. Rb1
Qxb2 28. Rxb2 Nd7 29. Bxg7 Kxg7 30. Kf1 Re6 31. Rxb3 Rd6 32. Rb4 Nf8 33. Ke2
Ne6 34. Ke3 g5 35. g3 f5 36. Bg2 f4+ 37. Ke4 Kf6 38. Bf3 fxg3 39. fxg3 Nc7 40.
Kd3 Ne6 41. Rb1 Nc5+ 42. Kc4 Ne6 43. Rd1 b5+ 44. Kxb5 Rxd4 45. Rf1 Ke5 46. Re1+
Kd6 47. Rd1 Rxd1 48. Bxd1 Nd4+ 49. Kb4 Ke5 50. h4 Nf5 51. hxg5 hxg5 52. Kc3
Nxg3 53. Kd2 Kf4 54. Ke1 g4 55. Bxg4 Kxg4 1/2-1/2

[Event "Czech Chess Christmas 2016"]
[Site "?"]
[Date "2016.12.31"]
[Round "?"]
[White "Vuelban, Virgilio"]
[Black "Neuman, Petr"]
[Result "1-0"]
[WhiteElo "2298"]
[BlackElo "2420"]
[PlyCount "63"]

1. e4 c5 2. Nf3 Nc6 3. d4 cxd4 4. Nxd4 e6 5. Nc3 d6 6. Be3 Nf6 7. Be2 Be7 8.
Qd2 a6 9. f4 Qc7 10. O-O-O O-O 11. g4 b5 12. g5 Nd7 13. a3 Rb8 14. h4 Re8 15.
h5 Bf8 16. f5 b4 17. Nxc6 Qxc6 18. axb4 exf5 19. g6 Ne5 20. gxf7+ Nxf7 21. h6
g6 22. Nd5 Qa4 23. Qc3 Ne5 24. Nf6+ Kf7 25. Nxe8 Kxe8 26. Bf4 Be6 27. b3 Qxb4
28. Bxe5 Qa3+ 29. Kd2 dxe5 30. Qxe5 Qb4+ 31. Kc1 Qa3+ 32. Kb1 1-0

[Event "Czech Chess Christmas 2016"]
[Site "?"]
[Date "2016.12.31"]
[Round "?"]
[White "Pulpan, Jakub"]
[Black "Plat, Vojtech"]
[Result "1/2-1/2"]
[WhiteElo "2401"]
[BlackElo "2532"]
[PlyCount "54"]

1. e4 d6 2. d4 Nf6 3. Nc3 e5 4. Nf3 Nbd7 5. Bc4 Be7 6. O-O O-O 7. Re1 c6 8. a4
a5 9. h3 exd4 10. Nxd4 Nc5 11. Bg5 Be6 12. Nxe6 fxe6 13. e5 Nd5 14. Bxe7 Qxe7
15. exd6 Qxd6 16. Qd4 Rf4 17. Ne4 Nxe4 18. Rxe4 Raf8 19. Rae1 R8f5 20. b3 h6
21. Rxf4 Rxf4 22. Qa7 b6 23. Bxd5 cxd5 24. Qa8+ Rf8 25. Qa6 Qc5 26. Qe2 Rf6 27.
Rd1 e5 1/2-1/2

[Event "Czech Chess Christmas 2016"]
[Site "?"]
[Date "2016.12.31"]
[Round "?"]
[White "Starostits, Ilmar"]
[Black "Simet, Martin"]
[Result "1-0"]
[WhiteElo "2413"]
[BlackElo "2114"]
[PlyCount "69"]

1. e4 d6 2. d4 Nf6 3. Nc3 e5 4. Nf3 Nbd7 5. Bc4 Be7 6. O-O O-O 7. Re1 c6 8. a4
a5 9. h3 exd4 10. Nxd4 Nc5 11. b3 Re8 12. Bb2 Bf8 13. Qf3 Be6 14. Nxe6 Nxe6 15.
Rad1 Qc7 16. Qf5 Nd7 17. f4 Rad8 18. Kh1 Qb6 19. Rf1 Qc5 20. e5 d5 21. Bd3 g6
22. Qg4 Bg7 23. Ne2 Qb4 24. Bc3 Qb6 25. f5 Nef8 26. e6 fxe6 27. f6 Nxf6 28.
Bxf6 Bxf6 29. Rxf6 e5 30. Ng3 Qb4 31. Qg5 e4 32. Nxe4 dxe4 33. Bc4+ Kh8 34.
Rxd8 Rxd8 35. Qe5 1-0

[Event "Czech Chess Christmas 2016"]
[Site "?"]
[Date "2016.12.31"]
[Round "?"]
[White "Chojnacki, Krzysztof"]
[Black "Nowak, Kamil"]
[Result "1/2-1/2"]
[WhiteElo "2368"]
[BlackElo "2301"]
[PlyCount "40"]

1. d4 d5 2. c4 c6 3. Nf3 Nf6 4. Nc3 dxc4 5. a4 Bf5 6. Ne5 e6 7. f3 Bb4 8. e4
Bxe4 9. fxe4 Nxe4 10. Bd2 Qxd4 11. Nxe4 Qxe4+ 12. Qe2 Bxd2+ 13. Kxd2 Qd5+ 14.
Kc2 Na6 15. Nxc4 O-O 16. Qe5 Rac8 17. Rd1 Nb4+ 18. Kc1 Na2+ 19. Kc2 Nb4+ 20.
Kc1 Na2+ 1/2-1/2

[Event "Czech Chess Christmas 2016"]
[Site "?"]
[Date "2016.12.31"]
[Round "?"]
[White "Starostits, Ilmars"]
[Black "Vuelban, Virgilio"]
[Result "1-0"]
[WhiteElo "2413"]
[BlackElo "2298"]
[PlyCount "35"]

1. d4 Nf6 2. Nf3 d5 3. e3 e6 4. Bd3 c5 5. b3 Nc6 6. O-O Bd6 7. Bb2 O-O 8. Ne5
Qc7 9. f4 Ne7 10. Nd2 b6 11. Rf3 Bb7 12. Rh3 Ne4 13. dxc5 bxc5 14. Bxe4 dxe4
15. Qh5 h6 16. Ng4 Nf5 17. Nxh6+ gxh6 18. Qg5+ 1-0

[Event "Czech Chess Christmas 2016"]
[Site "?"]
[Date "2016.12.31"]
[Round "?"]
[White "Pulpan, Jakub"]
[Black "Kraus, Tomas"]
[Result "1/2-1/2"]
[WhiteElo "2401"]
[BlackElo "2403"]
[PlyCount "27"]

1. e4 d6 2. d4 Nf6 3. Nc3 e5 4. Nf3 Nbd7 5. Bc4 Be7 6. O-O O-O 7. Re1 a6 8. a4
b6 9. b3 c6 10. Bb2 Rb8 11. Bd3 b5 12. Ne2 Qc7 13. Ng3 g6 14. Qe2 1/2-1/2

[Event "Czech Chess Christmas 2016"]
[Site "?"]
[Date "2016.12.31"]
[Round "?"]
[White "Sernecki, Franciszek"]
[Black "Schaefer, Reyk"]
[Result "1/2-1/2"]
[WhiteElo "2058"]
[BlackElo "2147"]
[PlyCount "20"]

1. d4 Nf6 2. Nf3 e6 3. e3 d5 4. c4 b6 5. Nbd2 Bb7 6. Bd3 Bd6 7. O-O O-O 8. b3
Nbd7 9. Bb2 Ne4 10. Qe2 Qe7 1/2-1/2

[Event "Czech Chess Christmas 2016"]
[Site "?"]
[Date "2016.12.31"]
[Round "?"]
[White "Dowgird, Filip"]
[Black "Swicarz, Maciej"]
[Result "1-0"]
[WhiteElo "2227"]
[BlackElo "2300"]
[PlyCount "69"]

1. e4 c6 2. d4 d5 3. e5 Bf5 4. Be2 e6 5. h4 h5 6. Nc3 c5 7. Nf3 Nc6 8. Be3 Bg4
9. dxc5 Bxf3 10. Bxf3 Nge7 11. Qe2 Nf5 12. O-O-O Nxe3 13. Qxe3 Qa5 14. Bxd5
exd5 15. Rxd5 Rh6 16. a3 Be7 17. f4 Rd8 18. Rhd1 Bxh4 19. Qh3 Be7 20. Rxd8+
Bxd8 21. Ne4 Qc7 22. b4 h4 23. b5 Na5 24. Nd6+ Kf8 25. Nxf7 Kxf7 26. Rd7+ Qxd7
27. Qxd7+ Be7 28. a4 h3 29. gxh3 Rh4 30. Qd2 b6 31. c6 Rxh3 32. Qd5+ Kf8 33. c7
Rc3 34. Qa8+ Kf7 35. c8=Q 1-0

[Event "Czech Chess Christmas 2016"]
[Site "?"]
[Date "2016.12.31"]
[Round "?"]
[White "Zolnierowicz, Krzysztof"]
[Black "Hollan, Petr"]
[Result "0-1"]
[WhiteElo "2030"]
[BlackElo "2313"]
[PlyCount "44"]

1. Nf3 Nf6 2. c4 c6 3. b3 g6 4. Bb2 Bg7 5. g3 O-O 6. Bg2 d5 7. O-O a5 8. d4 Bf5
9. Nc3 Ne4 10. Nh4 Nxc3 11. Bxc3 Be6 12. Qd3 Nd7 13. e4 dxe4 14. Qxe4 Nf6 15.
Qc2 Qd7 16. Rad1 Bh3 17. Rfe1 Rfe8 18. Bh1 Qc7 19. a4 h5 20. d5 cxd5 21. Bxf6
exf6 22. Bxd5 Bg4 0-1

[Event "Czech Chess Christmas 2016"]
[Site "?"]
[Date "2016.12.31"]
[Round "?"]
[White "Klima, Lukas"]
[Black "Houska, Bronislav"]
[Result "1-0"]
[WhiteElo "2356"]
[BlackElo "2000"]
[PlyCount "51"]

1. e4 d6 2. d4 Nf6 3. Nc3 g6 4. Be3 Bg7 5. Qd2 O-O 6. Bh6 e5 7. Bxg7 Kxg7 8.
O-O-O Nc6 9. d5 Ne7 10. f3 c6 11. g4 cxd5 12. exd5 Rb8 13. h4 h5 14. g5 Ne8 15.
f4 exf4 16. Nf3 Bg4 17. Be2 b5 18. Nd4 b4 19. Ne4 Bxe2 20. Nxe2 a5 21. Nxf4 a4
22. Rdf1 Nf5 23. Nxh5+ gxh5 24. Rxf5 b3 25. a3 bxc2 26. Qd4+ 1-0

[Event "Czech Chess Christmas 2016"]
[Site "?"]
[Date "2016.12.31"]
[Round "?"]
[White "Neuman, Petr"]
[Black "Richterova, Natasa"]
[Result "1-0"]
[WhiteElo "2420"]
[BlackElo "2199"]
[PlyCount "61"]
[EventDate "2016.??.??"]

1. c4 e5 2. Nc3 Nf6 3. e3 d5 4. cxd5 Nxd5 5. Nf3 Nxc3 6. bxc3 Bd6 7. d4 exd4 8.
cxd4 Bg4 9. Be2 O-O 10. O-O Qe7 11. h3 Bf5 12. Bd3 Bxd3 13. Qxd3 c5 14. Bb2 Nd7
15. e4 c4 16. Qc2 b5 17. e5 Ba3 18. d5 Bxb2 19. d6 Qe6 20. Qxb2 Rab8 21. Rfe1
b4 22. Nd4 c3 23. Qe2 Qh6 24. Qg4 Nxe5 25. Rxe5 Qxd6 26. Rae1 Rfd8 27. Nf5 Qf6
28. Qe4 Rf8 29. Ne7+ Kh8 30. Nc6 Rbc8 31. Nxb4 1-0

[Event "Czech Chess Christmas 2016"]
[Site "?"]
[Date "2016.12.31"]
[Round "?"]
[White "Plat, Vojtech"]
[Black "Koziol, Kamil"]
[Result "1-0"]
[WhiteElo "2532"]
[BlackElo "2172"]
[PlyCount "87"]

1. d4 Nf6 2. c4 g6 3. g3 Bg7 4. Bg2 d5 5. cxd5 Nxd5 6. e4 Nb6 7. Ne2 c5 8. d5
O-O 9. O-O e6 10. Nec3 Na6 11. Na3 Bd7 12. Be3 Rc8 13. Qd2 Qe7 14. d6 Qe8 15.
Bh6 e5 16. Bxg7 Kxg7 17. f4 f6 18. Nd5 Nxd5 19. Qxd5 Bc6 20. Qd2 Rd8 21. Rad1
exf4 22. Rxf4 Qe6 23. b3 Rf7 24. Nc4 b5 25. Qa5 Nc7 26. Rc1 Rxd6 27. Nxd6 Qxd6
28. Qc3 Ne6 29. Rxf6 Rxf6 30. e5 Nd4 31. exf6+ Qxf6 32. Qe3 Bxg2 33. Kxg2 Qd6
34. Re1 Qd5+ 35. Qe4 Qxe4+ 36. Rxe4 Kf6 37. Re8 c4 38. bxc4 bxc4 39. Rc8 Nf5
40. Kf3 Nd6 41. Rc5 h5 42. Ra5 g5 43. Ke3 Nf5+ 44. Ke4 1-0

[Event "Czech Chess Christmas 2016"]
[Site "?"]
[Date "2016.12.31"]
[Round "?"]
[White "Paul, Johannes"]
[Black "Dowgird, Filip"]
[Result "1-0"]
[WhiteElo "2319"]
[BlackElo "2227"]
[PlyCount "81"]

1. d4 Nf6 2. c4 Nc6 3. Nf3 e6 4. g3 Bb4+ 5. Bd2 Bxd2+ 6. Qxd2 d6 7. Nc3 O-O 8.
Rd1 b6 9. Bg2 Bb7 10. O-O Na5 11. b3 Ne4 12. Nxe4 Bxe4 13. Qf4 f5 14. Ng5 Bxg2
15. Kxg2 Qf6 16. Nf3 h6 17. h4 Qg6 18. c5 bxc5 19. dxc5 Nb7 20. b4 Rf7 21. Qc4
a6 22. e3 Qf6 23. h5 e5 24. Qd5 Rb8 25. cxd6 cxd6 26. Rc1 Kh7 27. Rc4 Re8 28.
Rfc1 e4 29. Nh4 Re5 30. Qd1 Nd8 31. Rd4 Ne6 32. Rxd6 Qg5 33. Ng6 f4 34. Nxe5
f3+ 35. Kg1 Qxe5 36. Qd5 Qb2 37. Qxe4+ Kg8 38. Rc8+ Nf8 39. Rdd8 Qa1+ 40. Kh2
Qf1 41. Rxf8+ 1-0

[Event "Czech Chess Christmas 2016"]
[Site "?"]
[Date "2017.01.01"]
[Round "?"]
[White "Nowak, Kamil"]
[Black "Malik, Jan"]
[Result "1-0"]
[WhiteElo "2301"]
[BlackElo "2320"]
[PlyCount "115"]
[SourceDate "2017.01.01"]

1. e4 c5 2. Nf3 d6 3. d4 cxd4 4. Nxd4 Nf6 5. Nc3 a6 6. Be3 e5 7. Nb3 Be6 8. h3
Be7 9. f4 exf4 10. Bxf4 Nc6 11. Qe2 Nd7 12. O-O-O Nde5 13. Kb1 O-O 14. g4 Rc8
15. Qg2 b5 16. Nd5 Bg5 17. Bg3 Nc4 18. h4 Bf6 19. Nxf6+ Qxf6 20. Bxc4 bxc4 21.
g5 Qg6 22. Nc1 Qh5 23. Rhf1 Rfd8 24. Rxd6 Rxd6 25. Bxd6 Rd8 26. e5 Nd4 27. Qe4
Nb5 28. Ne2 Qg4 29. Rf4 Qh3 30. a4 Nxd6 31. exd6 Rb8 32. Ka2 Qh2 33. Qe3 g6 34.
Rd4 c3+ 35. b3 Re8 36. Qf3 Bd7 37. Re4 Rxe4 38. Qxe4 Qxd6 39. Nxc3 Bf5 40. Qe8+
Kg7 41. Qe3 Qh2 42. Qd4+ Kg8 43. Nd5 Qxc2+ 44. Ka3 Qc1+ 45. Kb4 Qe1+ 46. Kc5
Qe6 47. Nf6+ Kg7 48. Nh5+ Kf8 49. Qd8+ Qe8 50. Qxe8+ Kxe8 51. Nf6+ Ke7 52. Nd5+
Kd7 53. Nb4 a5 54. Nc6 Bc2 55. Nxa5 f5 56. gxf6 h6 57. Nc6 Bxb3 58. f7 1-0

[Event "Czech Chess Christmas 2016"]
[Site "?"]
[Date "2017.01.01"]
[Round "?"]
[White "Cerveny, Petr"]
[Black "Chojnacki, Krzysztof"]
[Result "0-1"]
[WhiteElo "2300"]
[BlackElo "2368"]
[PlyCount "82"]

1. e4 e5 2. Nf3 Nc6 3. Bb5 a6 4. Ba4 Nf6 5. O-O Be7 6. Qe2 b5 7. Bb3 d6 8. c3
O-O 9. Rd1 Na5 10. Bc2 c5 11. d4 Qc7 12. h3 Bd7 13. d5 Ne8 14. b3 g6 15. Bh6
Ng7 16. g4 Nb7 17. Nbd2 f6 18. a4 Rfb8 19. axb5 axb5 20. Be3 Nd8 21. Nf1 Nf7
22. Ng3 Qb7 23. Qe1 Kh8 24. Nd2 Rg8 25. Kh2 f5 26. gxf5 gxf5 27. exf5 Bh4 28.
Qf1 Raf8 29. f6 Ne8 30. Nde4 Ng5 31. Bxg5 Bxg5 32. Qd3 Bc8 33. Rg1 Bf4 34. Bd1
Qc7 35. Ra8 Bb7 36. Ra2 Nxf6 37. Nxf6 Rxf6 38. Bg4 c4 39. bxc4 bxc4 40. Qe4 Qf7
41. Be6 Qxe6 0-1

[Event "Czech Chess Christmas 2016"]
[Site "?"]
[Date "2017.01.01"]
[Round "?"]
[White "Kernazhitsky, Leonid"]
[Black "Hollan, Petr"]
[Result "1-0"]
[WhiteElo "2295"]
[BlackElo "2313"]
[PlyCount "103"]

1. e4 c5 2. Nc3 Nc6 3. Bb5 Nd4 4. Bc4 g6 5. Nf3 Bg7 6. Nxd4 cxd4 7. Qf3 e6 8.
Nb5 Be5 9. c3 dxc3 10. dxc3 a6 11. Nd4 b5 12. Bd3 Bb7 13. Qe3 Ne7 14. O-O O-O
15. f4 Bg7 16. a4 bxa4 17. Rxa4 f5 18. e5 Nd5 19. Qe2 Qb6 20. Be3 Nxe3 21. Qxe3
Bc6 22. Ra2 Rfb8 23. b4 Bd5 24. Ra5 Qb7 25. Qe2 Rc8 26. Bxa6 Rxa6 27. Qxa6 Qxa6
28. Rxa6 Rxc3 29. Rd6 Rc4 30. Rd1 Rxb4 31. Rxd7 Bf8 32. Nf3 Rxf4 33. Rc1 Rc4
34. Rxc4 Bxc4 35. Rc7 Bd5 36. Ng5 h6 37. Nh7 Bg7 38. Nf6+ Bxf6 39. exf6 g5 40.
Kf2 Kf8 41. g3 h5 42. h4 gxh4 43. gxh4 f4 44. Rh7 Kg8 45. Re7 Kf8 46. Ke2 f3+
47. Ke3 Kg8 48. Rg7+ Kf8 49. Rh7 Kg8 50. Rxh5 Kf7 51. Rh6 e5 52. h5 1-0

[Event "Czech Chess Christmas 2016"]
[Site "?"]
[Date "2017.01.01"]
[Round "?"]
[White "Koziol, Kamil"]
[Black "Klima, lukas"]
[Result "1/2-1/2"]
[WhiteElo "2172"]
[BlackElo "2356"]
[PlyCount "25"]

1. e4 c5 2. Nf3 Nc6 3. Bb5 g6 4. Bxc6 bxc6 5. O-O Bg7 6. Re1 Nh6 7. c3 O-O 8.
d4 cxd4 9. cxd4 d6 10. h3 f6 11. Nc3 Nf7 12. Be3 Bd7 13. Rc1 1/2-1/2

[Event "Czech Chess Christmas 2016"]
[Site "?"]
[Date "2017.01.01"]
[Round "?"]
[White "Simet, Martin"]
[Black "Swicarz, Maciej"]
[Result "0-1"]
[WhiteElo "2114"]
[BlackElo "2300"]
[PlyCount "80"]

1. d4 f5 2. e4 fxe4 3. Nc3 Nf6 4. Bg5 g6 5. Bxf6 exf6 6. Nxe4 d5 7. Ng3 Qe7+ 8.
Qe2 h5 9. h4 Bg4 10. Qxe7+ Kxe7 11. Be2 Nc6 12. O-O-O Kf7 13. Nf3 Bd6 14. Rhe1
Bf4+ 15. Kb1 Bxg3 16. fxg3 Ne7 17. Bd3 Bf5 18. Nh2 Rae8 19. Kc1 Bxd3 20. Rxd3
Nf5 21. Rxe8 Rxe8 22. Kd2 Re4 23. c3 Re6 24. Nf1 Ra6 25. a3 Rb6 26. Kc2 Re6 27.
Kd2 Nd6 28. b3 Ne4+ 29. Kc2 Nf2 30. Re3 Ne4 31. Rd3 b5 32. Rf3 Rc6 33. Nh2 a5
34. Kb2 a4 35. Re3 Nd2 36. Re2 Nxb3 37. g4 hxg4 38. Nxg4 Na5 39. Rf2 Nc4+ 40.
Ka2 Re6 0-1

[Event "Czech Chess Christmas 2016"]
[Site "?"]
[Date "2017.01.01"]
[Round "?"]
[White "Nowak, Kamil"]
[Black "Starostits, Ilmars"]
[Result "0-1"]
[WhiteElo "2301"]
[BlackElo "2413"]
[PlyCount "94"]

1. d4 Nf6 2. c4 g6 3. Nc3 d5 4. Nf3 Bg7 5. Bg5 Ne4 6. cxd5 Nxg5 7. Nxg5 e6 8.
Qd2 exd5 9. Qe3+ Kf8 10. Qf4 Bf6 11. h4 c6 12. e4 h6 13. Nxf7 Kxf7 14. e5 Kg7
15. exf6+ Qxf6 16. Qxf6+ Kxf6 17. Bd3 Bf5 18. Kd2 Nd7 19. Rae1 Rae8 20. f3 h5
21. Ne2 Bxd3 22. Kxd3 Nb6 23. b3 Nc8 24. Ng3 Nd6 25. Rxe8 Rxe8 26. Rd1 Re7 27.
Rd2 Nf5 28. Nxf5 gxf5 29. Re2 Rxe2 30. Kxe2 f4 31. b4 Ke6 32. Kf2 a5 33. a3 a4
34. Kf1 b6 35. Kf2 Kd6 36. g4 fxg3+ 37. Kxg3 c5 38. dxc5+ bxc5 39. bxc5+ Kxc5
40. f4 Kd6 41. Kf3 Ke6 42. Ke3 Kf5 43. Kd4 Kxf4 44. Kxd5 Kg4 45. Ke4 Kxh4 46.
Kf4 Kh3 47. Kf3 h4 0-1

[Event "Czech Chess Christmas 2016"]
[Site "?"]
[Date "2017.01.01"]
[Round "?"]
[White "Schaefer, Reyk"]
[Black "Cerveny, Petr"]
[Result "0-1"]
[WhiteElo "2147"]
[BlackElo "2300"]
[PlyCount "48"]
[EventDate "2017.??.??"]

1. c4 e5 2. g3 d6 3. Bg2 Be7 4. Nc3 f5 5. e3 Nf6 6. Nge2 O-O 7. d4 Qe8 8. Nd5
Bd8 9. c5 Nxd5 10. Bxd5+ Kh8 11. cxd6 cxd6 12. O-O Nc6 13. dxe5 dxe5 14. e4 f4
15. gxf4 Bg4 16. f3 Bb6+ 17. Kh1 Bh3 18. f5 Bxf1 19. Qxf1 Nb4 20. Be6 Nd3 21.
Bd2 Nf2+ 22. Kg2 Qh5 23. Ng1 Rad8 24. Qe2 Nxe4 0-1

[Event "Czech Chess Christmas 2016"]
[Site "?"]
[Date "2017.01.01"]
[Round "?"]
[White "Malik, Jan"]
[Black "Pekar, Vaclav"]
[Result "1-0"]
[WhiteElo "2320"]
[BlackElo "2170"]
[PlyCount "93"]

1. e4 Nc6 2. Nf3 Nf6 3. e5 Nd5 4. d4 d6 5. c4 Nb6 6. exd6 exd6 7. h3 Bf5 8. Be2
Be7 9. O-O Bf6 10. b3 h6 11. Be3 O-O 12. Nc3 Re8 13. Qd2 d5 14. c5 Nc8 15. a3
Na5 16. Qa2 Be6 17. Rad1 c6 18. Bf4 b5 19. Ne5 Ne7 20. Bf3 g5 21. Bh2 Bg7 22.
Rfe1 f6 23. Nxc6 Nexc6 24. Rxe6 Rxe6 25. Bxd5 Qxd5 26. Nxd5 Nxd4 27. Ne3 Naxb3
28. c6 f5 29. c7 f4 30. Nc2 Kh7 31. Nxd4 Nxd4 32. Bxf4 gxf4 33. Rxd4 Re1+ 34.
Kh2 Bxd4 35. Qd2 Bxf2 36. Qxf2 Ree8 37. Qxf4 Rg8 38. Qf5+ Kh8 39. Qxb5 Rac8 40.
Qd7 a5 41. g4 Rce8 42. Kg3 a4 43. Kh4 Ref8 44. Kh5 Re8 45. Kxh6 Re6+ 46. Qxe6
Rg6+ 47. Kh5 1-0

[Event "Czech Chess Christmas 2016"]
[Site "?"]
[Date "2017.01.01"]
[Round "?"]
[White "Neuman, Petr"]
[Black "Pulpan, Jakub"]
[Result "1/2-1/2"]
[WhiteElo "2420"]
[BlackElo "2401"]
[PlyCount "98"]

1. d4 Nf6 2. c4 e6 3. Nc3 Bb4 4. Qc2 O-O 5. a3 Bxc3+ 6. Qxc3 d5 7. Bg5 dxc4 8.
Qxc4 b6 9. Rd1 Ba6 10. Qa4 h6 11. Bh4 Qe7 12. Nf3 Rd8 13. e3 Bxf1 14. Kxf1 c5
15. Ke2 Nbd7 16. Ne5 Qe8 17. Nxd7 Rxd7 18. Bxf6 gxf6 19. Rd3 cxd4 20. Rxd4 Rxd4
21. Qxe8+ Rxe8 22. exd4 Rc8 23. Kd3 f5 24. a4 a6 25. Re1 Kf8 26. d5 Rd8 27. Re5
Ke7 28. Kd4 h5 29. b4 Rc8 30. dxe6 fxe6 31. a5 Rd8+ 32. Ke3 Kf6 33. f4 Rd6 34.
g3 Ke7 35. Ke2 Kd7 36. Ke3 Ke7 37. Ke2 Kf6 38. Ke3 Kf7 39. Ke2 Ke7 40. Ke3 Kd7
41. Ke2 b5 42. Re3 Rc6 43. Rd3+ Ke7 44. Ke3 Rc1 45. Rd2 Rb1 46. Kd4 Kd6 47.
Kc3+ Ke7 48. Kd4 Rc1 49. Ke3 Rb1 1/2-1/2